[Event "Krefeld Pfingsten op"]
[Site "Krefeld"]
[Date "2025.06.07"]
[Round "2"]
[White "Cao, Da"]
[Black "Kummerow, Heiko"]
[Result "0-1"]
[WhiteElo "1582"]
[BlackElo "2163"]
[PlyCount "80"]
[EventDate "2025.06.06"]
[EventType "swiss"]
[EventRounds "9"]
[EventCountry "GER"]
[SourceTitle "CB24_2025"]
[SourceDate "2025.06.11"]
[SourceVersion "1"]
[SourceVersionDate "2025.06.11"]
[SourceQuality "1"]

1. d4 Nf6 2. Bf4 c5 3. e3 cxd4 4. exd4 g6 5. Nf3 Bg7 6. Bd3 0-0 7. 0-0 d6 8. c3 Nc6 9. Qc2 Nh5 10. Bg3 Nxg3 11. fxg3 e5 12. dxe5 dxe5 13. Nbd2 f5 14. Nh4 Bf6 15. Rae1 Kg7 16. Nxf5+ Bxf5 17. Bxf5 gxf5 18. Rxf5 Ne7 19. Rh5 Ng6 20. Nf3 Qb6+ 21. Kh1 Rae8 22. Qd2 Kg8 23. Qd5+ Kh8 24. Qd7 Re7 25. Qf5 Rg7 26. Rf1 Be7 27. Qb1 e4 28. Qxe4 Qxb2 29. Rb1 Qxa2 30. Qxb7 Bf6 31. Qb3 Qxb3 32. Rxb3 Rc8 33. Kg1 Bxc3 34. Rd5 a5 35. Ng5 Re7 36. Nf3 a4 37. Ra3 Ra7 38. Nd4 Bb2 39. Rd3 a3 40. Nf5 Bf6 0-1

[Event "Krefeld Pfingsten op"]
[Site "Krefeld"]
[Date "2025.06.06"]
[Round "1"]
[White "Kummerow, Heiko"]
[Black "Alugili, Yosef"]
[Result "1-0"]
[WhiteElo "2163"]
[BlackElo "1759"]
[PlyCount "51"]
[EventDate "2025.06.06"]
[EventType "swiss"]
[EventRounds "9"]
[EventCountry "GER"]
[SourceTitle "CB24_2025"]
[SourceDate "2025.06.11"]
[SourceVersion "1"]
[SourceVersionDate "2025.06.11"]
[SourceQuality "1"]

1. e4 c5 2. Nf3 e6 3. d4 cxd4 4. Nxd4 Nf6 5. Nc3 Nc6 6. Nxc6 bxc6 7. e5 Nd5 8. Ne4 Be7 9. c4 Nb4 10. a3 Qa5 11. f4 Nc2+ 12. Ke2 Nxa1 13. Bd2 Qb6 14. Qxa1 Qd4 15. Kf3 Bb7 16. Be3 d5 17. Nd6+ Bxd6 18. Bxd4 dxc4 19. Be3 c5+ 20. Kf2 Be7 21. Bxc4 0-0 22. Rd1 Rfd8 23. Rxd8+ Rxd8 24. Qe1 Bh4+ 25. g3 Be7 26. Qa5 1-0

[Event "Krefeld Easter op"]
[Site "Krefeld"]
[Date "2025.04.18"]
[Round "2"]
[White "Walczewski, Christopher"]
[Black "Kummerow, Heiko"]
[Result "0-1"]
[WhiteElo "1941"]
[BlackElo "2151"]
[PlyCount "92"]
[EventDate "2025.04.17"]
[EventType "swiss"]
[EventRounds "9"]
[EventCountry "GER"]
[SourceTitle "CB17_2025"]
[SourceDate "2025.04.23"]
[SourceVersion "1"]
[SourceVersionDate "2025.04.23"]
[SourceQuality "1"]

1. e4 e6 2. d3 d5 3. Qe2 Nc6 4. Nf3 d4 5. g3 e5 6. Bg2 Be7 7. h4 Bg4 8. Bh3 Bxh3 9. Rxh3 Qd7 10. Ng1 0-0-0 11. a4 f5 12. exf5 Nf6 13. g4 h5 14. g5 Nd5 15. Rf3 Ndb4 16. Na3 e4 17. dxe4 d3 18. Qd1 Nd4 19. Rxd3 Ndxc2+ 20. Nxc2 Nxd3+ 21. Kf1 Qc6 22. Qe2 Bc5 23. Nh3 Rhe8 24. f3 Bb6 25. a5 Nxc1 26. axb6 Nxe2 27. bxa7 Ng3+ 28. Kg2 Qxc2+ 29. Kxg3 Kd7 30. Nf4 Qxb2 31. Rd1+ Kc6 32. a8Q Rxa8 33. Nxh5 Ra2 34. Nxg7 Qxg7 35. f6 Qg6 36. Rc1+ Kd7 37. Rd1+ Ke6 38. Rd5 Rh8 39. f4 Ra3+ 40. Kf2 Qxe4 41. Re5+ Qxe5 42. fxe5 Kxe5 43. f7 Ra4 44. g6 Rf4+ 45. Kg3 Rxf7 46. gxf7 Kf6 0-1

[Event "Leer op"]
[Site "Leer"]
[Date "2024.10.31"]
[Round "2"]
[White "Mueller Ludwig, Kristin"]
[Black "Kummerow, Heiko"]
[Result "0-1"]
[WhiteElo "1971"]
[BlackElo "2132"]
[PlyCount "80"]
[EventDate "2024.10.31"]
[EventType "swiss"]
[EventRounds "7"]
[EventCountry "GER"]
[SourceTitle "CB45_2024"]
[Source "ChessBase"]
[SourceDate "2024.11.06"]
[SourceVersion "1"]
[SourceVersionDate "2024.11.06"]
[SourceQuality "1"]

1. e4 c5 2. Nf3 d6 3. d4 cxd4 4. Nxd4 Nf6 5. Nc3 a6 6. Be3 e5 7. Nb3 Be7 8. a4 Be6 9. Nd5 Nbd7 10. f3 Bxd5 11. exd5 Nb6 12. c4 Rc8 13. Nd2 a5 14. Bd3 Nh5 15. Qb3 Nd7 16. Bf5 Rc7 17. Qb5 0-0 18. Bxd7 Rxd7 19. Bb6 Qc8 20. g3 Bg5 21. Bxa5 Bxd2+ 22. Kxd2 e4 23. fxe4 Nf6 24. Rae1 Re8 25. e5 dxe5 26. Bc3 Rc7 27. b3 Nxd5 28. cxd5 Rxc3 29. Qxe8+ Qxe8 30. Kxc3 Qe7 31. Rd1 Qd6 32. Rhe1 Kf8 33. Re4 Ke7 34. Rb4 Qc5+ 35. Rc4 Qe3+ 36. Kc2 Kd6 37. a5 e4 38. a6 bxa6 39. Rc6+ Kd7 40. Rxa6 Qe2+ 0-1

[Event "Muensterland op 41st"]
[Site "Muenster"]
[Date "2024.10.18"]
[Round "8"]
[White "Kummerow, Heiko"]
[Black "Herzwurm, Robert"]
[Result "1-0"]
[WhiteElo "2074"]
[BlackElo "1955"]
[PlyCount "29"]
[EventDate "2024.10.12"]
[EventType "swiss"]
[EventRounds "9"]
[EventCountry "GER"]
[SourceTitle "CB43_2024"]
[Source "Chessbase"]
[SourceDate "2024.10.23"]
[SourceVersion "1"]
[SourceVersionDate "2024.10.23"]
[SourceQuality "1"]

1. e4 e6 2. d4 d5 3. Nd2 Nf6 4. e5 Nfd7 5. Bd3 c5 6. c3 Nc6 7. Ngf3 g6 8. h4 h6 9. 0-0 Bg7 10. Re1 Qb6 11. c4 cxd4 12. cxd5 Ndxe5 13. dxc6 Nxc6 14. Nc4 Qc7 15. g3 1-0

[Event "Muensterland op 41st"]
[Site "Muenster"]
[Date "2024.10.17"]
[Round "7"]
[White "Mueller, Konstantin"]
[Black "Kummerow, Heiko"]
[Result "0-1"]
[WhiteElo "1846"]
[BlackElo "2074"]
[PlyCount "140"]
[EventDate "2024.10.12"]
[EventType "swiss"]
[EventRounds "9"]
[EventCountry "GER"]
[SourceTitle "CB43_2024"]
[Source "Chessbase"]
[SourceDate "2024.10.23"]
[SourceVersion "1"]
[SourceVersionDate "2024.10.23"]
[SourceQuality "1"]

1. d4 d5 2. c4 e6 3. cxd5 exd5 4. Nc3 c5 5. Nf3 Nc6 6. e3 Nf6 7. Be2 cxd4 8. exd4 h6 9. Bf4 Be7 10. 0-0 0-0 11. h3 Ne4 12. Ne5 Nxe5 13. dxe5 Nxc3 14. bxc3 Be6 15. Qd4 Qc7 16. Bf3 Rfd8 17. Rfd1 Bc5 18. Qd2 Rac8 19. Be3 Qxe5 20. Bd4 Bxd4 21. cxd4 Qf6 22. Bg4 Bxg4 23. hxg4 Rc4 24. Qa5 a6 25. a4 Rd7 26. Qd2 Rdc7 27. Ra2 Re7 28. f3 Qc6 29. a5 Qg6 30. Qf2 Qg5 31. Re2 Rxe2 32. Qxe2 Qf4 33. Qb2 Qc7 34. Qe2 Rc2 35. Qd3 Qc4 36. Qe3 Qa2 37. Qf4 Rxg2+ 38. Kh1 Qc2 39. Re1 Re2 40. Rg1 Qd2 41. Qc7 g6 42. Qd8+ Kg7 43. Qh4 Qxd4 44. Rg2 Rxg2 45. Kxg2 Qd2+ 46. Kg1 Qxa5 47. Qe7 Qb6+ 48. Kg2 Qb2+ 49. Kh3 Qf6 50. Qxb7 Qxf3+ 51. Kh2 Qxg4 52. Qxa6 d4 53. Qd6 Qh4+ 54. Kg2 Qg5+ 55. Kh2 Qe3 56. Qb6 Qe5+ 57. Kg2 d3 58. Qb3 Qe2+ 59. Kg3 Qe5+ 60. Kg2 d2 61. Qd3 Qg5+ 62. Kh2 Qh5+ 63. Kg3 d1Q 64. Qe3 Qg5+ 65. Qxg5 hxg5 66. Kg2 Kf6 67. Kf2 Kf5 68. Ke3 Qd5 69. Kf2 Kf4 70. Ke2 Qd4 0-1

[Event "Muensterland op 41st"]
[Site "Muenster"]
[Date "2024.10.15"]
[Round "5"]
[White "Feldmann, Johannes"]
[Black "Kummerow, Heiko"]
[Result "1/2-1/2"]
[WhiteElo "2209"]
[BlackElo "2074"]
[PlyCount "51"]
[EventDate "2024.10.12"]
[EventType "swiss"]
[EventRounds "9"]
[EventCountry "GER"]
[SourceTitle "CB43_2024"]
[Source "Chessbase"]
[SourceDate "2024.10.23"]
[SourceVersion "1"]
[SourceVersionDate "2024.10.23"]
[SourceQuality "1"]

1. d4 Nf6 2. c4 g6 3. Nc3 Bg7 4. Bf4 0-0 5. e3 d6 6. h3 Nbd7 7. Nf3 b6 8. Be2 Bb7 9. 0-0 Ne4 10. Nxe4 Bxe4 11. Nd2 Bb7 12. Bf3 Qc8 13. Qc2 e5 14. dxe5 dxe5 15. Bh2 Re8 16. Rad1 Bxf3 17. Nxf3 a5 18. Rd5 e4 19. Nd2 Nc5 20. f3 exf3 21. Rxf3 c6 22. Rd6 Nb7 23. Rd3 Nc5 24. Rd6 Nb7 25. Rd3 Nc5 26. Rd6 1/2-1/2

[Event "Muensterland op 41st"]
[Site "Muenster"]
[Date "2024.10.13"]
[Round "3"]
[White "Bilovil, Bogdan"]
[Black "Kummerow, Heiko"]
[Result "1-0"]
[WhiteElo "2446"]
[BlackElo "2074"]
[PlyCount "73"]
[EventDate "2024.10.12"]
[EventType "swiss"]
[EventRounds "9"]
[EventCountry "GER"]
[SourceTitle "CB43_2024"]
[Source "Chessbase"]
[SourceDate "2024.10.23"]
[SourceVersion "1"]
[SourceVersionDate "2024.10.23"]
[SourceQuality "1"]

1. d4 Nf6 2. c4 g6 3. Nc3 Bg7 4. e4 d6 5. h3 0-0 6. Be3 e5 7. d5 Na6 8. g4 Nc5 9. f3 a5 10. Qd2 c6 11. Nge2 cxd5 12. cxd5 a4 13. Ng3 Qa5 14. h4 Bd7 15. h5 b5 16. h6 Bh8 17. Nf5 Bxf5 18. gxf5 b4 19. Nd1 b3 20. a3 Qxd2+ 21. Kxd2 Nh5 22. Bb5 Bf6 23. Nc3 Nf4 24. Bxc5 dxc5 25. Nxa4 Bg5 26. Kc3 Ra5 27. Kc4 Rb8 28. Nc3 Ng2 29. a4 Ne3+ 30. Kxb3 c4+ 31. Ka2 Nc2 32. Rad1 Nb4+ 33. Kb1 Nd3 34. Rh2 Be3 35. fxg6 hxg6 36. Bxc4 Nf2 37. Rf1 1-0

[Event "Dortmund Sparkassen op-A 51st"]
[Site "Dortmund"]
[Date "2024.08.14"]
[Round "5"]
[White "Van der Hagen, Loek"]
[Black "Kummerow, Heiko"]
[Result "1/2-1/2"]
[WhiteElo "2334"]
[BlackElo "2117"]
[PlyCount "84"]
[EventDate "2024.08.10"]
[EventType "swiss"]
[EventRounds "9"]
[EventCountry "GER"]
[SourceTitle "CBM 221 Extra"]
[Source "ChessBase"]
[SourceDate "2024.09.30"]
[SourceVersion "1"]
[SourceVersionDate "2024.09.30"]
[SourceQuality "1"]

1. d4 Nf6 2. Bg5 g6 3. Bxf6 exf6 4. e3 d5 5. g3 c6 6. Bg2 h5 7. Nf3 Bd6 8. Nbd2 Nd7 9. c4 dxc4 10. Nxc4 Bb4+ 11. Ncd2 Nb6 12. a3 Bd6 13. Ne4 Bf5 14. Nxd6+ Qxd6 15. Nd2 h4 16. Ne4 Bxe4 17. Bxe4 f5 18. Bg2 hxg3 19. hxg3 Rxh1+ 20. Bxh1 0-0-0 21. Rc1 Kb8 22. Qd3 Nd5 23. Rc5 Nf4 24. Qb3 Nd3+ 25. Qxd3 Qxc5 26. Kd2 Qd6 27. b4 Qe6 28. Qc2 Rh8 29. Bf3 g5 30. Ke2 Rh2 31. Kf1 Qxe3 32. Kg1 Qxf3 33. Kxh2 f4 34. a4 f5 35. gxf4 Qxf4+ 36. Kg1 Qg4+ 37. Kf1 Qh3+ 38. Kg1 a6 39. Qc5 Qg4+ 40. Kf1 Qd1+ 41. Kg2 Qg4+ 42. Kf1 Qd1+ 1/2-1/2

[Event "Dortmund Sparkassen op-A 51st"]
[Site "Dortmund"]
[Date "2024.08.12"]
[Round "3"]
[White "Riechenberg, Sebastian"]
[Black "Kummerow, Heiko"]
[Result "1/2-1/2"]
[WhiteElo "1951"]
[BlackElo "2117"]
[PlyCount "55"]
[EventDate "2024.08.10"]
[EventType "swiss"]
[EventRounds "9"]
[EventCountry "GER"]
[SourceTitle "CBM 221 Extra"]
[Source "ChessBase"]
[SourceDate "2024.09.30"]
[SourceVersion "1"]
[SourceVersionDate "2024.09.30"]
[SourceQuality "1"]

1. Nf3 Nf6 2. g3 g6 3. b3 Bg7 4. Bb2 0-0 5. Bg2 d6 6. d4 Nbd7 7. c4 Re8 8. 0-0 c6 9. Nc3 e5 10. dxe5 dxe5 11. Nd2 Qc7 12. Nde4 Bf8 13. Qd2 Nxe4 14. Nxe4 f5 15. Nc3 Nc5 16. Rad1 a5 17. e4 f4 18. Ne2 fxg3 19. Nxg3 Bg4 20. f3 Rad8 21. Qg5 Bc8 22. Bxe5 Qb6 23. Kh1 Nd3 24. Rxd3 Rxd3 25. Qf6 Rxe5 26. Qxe5 Rd2 27. Nh5 Qd4 28. Nf6+ 1/2-1/2

[Event "Muensterland op 40th"]
[Site "Muenster"]
[Date "2023.10.01"]
[Round "3"]
[White "Kummerow, Heiko"]
[Black "Fuellborn, Dietrich"]
[Result "1-0"]
[WhiteElo "2106"]
[BlackElo "1717"]
[PlyCount "49"]
[EventDate "2023.09.30"]
[EventType "swiss"]
[EventRounds "9"]
[EventCountry "GER"]
[SourceTitle "CBM 216 Extra"]
[Source "ChessBase"]
[SourceDate "2023.11.30"]
[SourceVersion "1"]
[SourceVersionDate "2023.11.30"]
[SourceQuality "1"]

1. e4 e6 2. d4 d5 3. Nd2 c5 4. exd5 Qxd5 5. Ngf3 Nf6 6. Bc4 Qd6 7. dxc5 Qxc5 8. 0-0 Bd6 9. Bd3 Bd7 10. Nc4 Be7 11. Bf4 Nd5 12. Bg3 0-0 13. Nce5 f6 14. Nxd7 Nxd7 15. Re1 e5 16. c4 N5b6 17. Qc2 h6 18. Bh7+ Kh8 19. Nh4 Rfd8 20. b4 Qxc4 21. Qb1 Nf8 22. Rc1 Qxb4 23. Qf5 Qd6 24. Qg4 Kxh7 25. Nf5 1-0

[Event "Muensterland op 38th"]
[Site "Muenster"]
[Date "2021.10.15"]
[Round "9"]
[White "Kummerow, Heiko"]
[Black "Dann, Matthias"]
[Result "0-1"]
[WhiteElo "2216"]
[BlackElo "2475"]
[PlyCount "102"]
[EventDate "2021.10.08"]
[EventType "swiss"]
[EventRounds "9"]
[EventCountry "GER"]
[SourceTitle "EXT 2023"]
[Source "ChessBase"]
[SourceDate "2022.10.05"]
[SourceVersion "1"]
[SourceVersionDate "2022.10.05"]
[SourceQuality "1"]

1. e4 c6 2. d4 d5 3. Nc3 dxe4 4. Nxe4 Nf6 5. Nxf6+ exf6 6. c3 Bd6 7. Bd3 0-0 8. Qc2 Re8+ 9. Ne2 h5 10. Be3 Nd7 11. 0-0-0 Nf8 12. Kb1 Be6 13. c4 Rc8 14. h3 b5 15. Nf4 bxc4 16. Bxc4 Bxf4 17. Bxf4 Bd5 18. f3 Ne6 19. Bg3 Qb6 20. Qc3 Rcd8 21. Rhe1 Bxc4 22. Qxc4 Rd5 23. Bf2 Red8 24. Rc1 R8d6 25. Be3 h4 26. Red1 f5 27. Rd3 f4 28. Bg1 Qd8 29. Qa4 Qd7 30. Qc2 g6 31. Bf2 Qd8 32. Qa4 Qg5 33. Rxc6 Qxg2 34. Rxd6 Rxd6 35. Bxh4 g5 36. Be1 Qg1 37. Qd1 Rxd4 38. Rxd4 Nxd4 39. Qc1 Nxf3 40. Qc8+ Kg7 41. Qc3+ Kg6 42. Qd3+ f5 43. Qxf3 Qxe1+ 44. Kc2 Qe4+ 45. Qxe4 fxe4 46. b4 Kf6 47. a4 Ke5 48. b5 Kd5 49. a5 Kc5 50. b6 axb6 51. a6 Kc6 0-1

[Event "Muensterland op 38th"]
[Site "Muenster"]
[Date "2021.10.12"]
[Round "6"]
[White "Kummerow, Heiko"]
[Black "Mueller, Martin"]
[Result "1-0"]
[WhiteElo "2216"]
[BlackElo "2065"]
[PlyCount "59"]
[EventDate "2021.10.08"]
[EventType "swiss"]
[EventRounds "9"]
[EventCountry "GER"]
[SourceTitle "EXT 2023"]
[Source "ChessBase"]
[SourceDate "2022.10.05"]
[SourceVersion "1"]
[SourceVersionDate "2022.10.05"]
[SourceQuality "1"]

1. e4 d6 2. d4 Nf6 3. Nc3 e5 4. Nf3 Nbd7 5. Rg1 g6 6. g4 Bg7 7. g5 Nh5 8. Be3 c6 9. Qd2 0-0 10. 0-0-0 Re8 11. Kb1 Qa5 12. a3 Bf8 13. h4 a6 14. Nh2 b5 15. Ng4 Rb8 16. Be2 b4 17. Na2 exd4 18. Bxd4 c5 19. axb4 cxb4 20. Nh6+ Bxh6 21. gxh6 Kf8 22. Rg5 Rb5 23. Bxb5 axb5 24. Rxh5 gxh5 25. Qg5 Ne5 26. Qg7+ Ke7 27. Bxe5 dxe5 28. Qxe5+ Kf8 29. Qc5+ Kg8 30. Rg1+ 1-0

[Event "NRW Class1 1819"]
[Site "Germany"]
[Date "2018.09.16"]
[Round "1.3"]
[White "Knudsen, Simon"]
[Black "Kummerow, Heiko"]
[Result "1/2-1/2"]
[WhiteElo "2193"]
[BlackElo "2112"]
[PlyCount "133"]
[EventDate "2018.09.16"]
[EventType "team-tourn"]
[EventRounds "9"]
[EventCountry "GER"]
[SourceTitle "EXT 2022"]
[Source "ChessBase"]
[SourceDate "2021.10.06"]
[SourceVersion "1"]
[SourceVersionDate "2021.10.06"]
[SourceQuality "1"]
[WhiteTeam "Brackel SF"]
[BlackTeam "Oberhausen SV"]
[WhiteTeamCountry "GER"]
[BlackTeamCountry "GER"]

1. e4 e6 2. d4 d5 3. Nd2 c5 4. exd5 Qxd5 5. Ngf3 cxd4 6. Bc4 Qd7 7. 0-0 Nc6 8. Nb3 Nf6 9. Nbxd4 Nxd4 10. Nxd4 a6 11. Re1 b5 12. Bb3 Bb7 13. Bg5 Ne4 14. Be3 Be7 15. Qg4 Nf6 16. Qh3 Bd5 17. Rad1 0-0 18. Bg5 Qc7 19. Bxd5 exd5 20. Nf5 Bd8 21. Nxg7 Kxg7 22. Qh6+ Kg8 23. Bxf6 Bxf6 24. Qxf6 Rae8 25. c3 Qd8 26. Qc6 Qa8 27. Qxa8 Rxe1+ 28. Rxe1 Rxa8 29. Re7 Rd8 30. g3 d4 31. cxd4 Rxd4 32. Ra7 Ra4 33. a3 b4 34. axb4 Rxb4 35. Rxa6 Rxb2 36. Kg2 Kg7 37. g4 Rb5 38. h4 h5 39. Ra4 hxg4 40. Rxg4+ Kh6 41. Kg3 Rb3+ 42. f3 Rb5 43. Ra4 Kg6 44. Kg4 Rc5 45. Ra6+ f6 46. Ra4 Rb5 47. Kg3 Rb1 48. Rg4+ Kf5 49. Rf4+ Kg6 50. Ra4 Rg1+ 51. Kf2 Rb1 52. Ra5 Rb4 53. Kg3 Rc4 54. h5+ Kh6 55. f4 Rc8 56. Kg4 Rc6 57. Ra7 Rc5 58. Ra8 Kg7 59. Ra6 Rb5 60. Kh4 Rf5 61. Kg4 Rc5 62. Ra7+ Kh6 63. Rf7 Rxh5 64. Rxf6+ Kg7 65. Ra6 Rb5 66. f5 Rb1 67. Kg5 1/2-1/2

[Event "Herne UFO op 9th"]
[Site "Herne"]
[Date "2018.06.01"]
[Round "4"]
[White "Kummerow, Heiko"]
[Black "Kartsev, Soel"]
[Result "0-1"]
[WhiteElo "2209"]
[BlackElo "2184"]
[PlyCount "84"]
[EventDate "2018.05.30"]
[EventType "swiss"]
[EventRounds "7"]
[EventCountry "GER"]
[SourceTitle "CBM 184 Extra"]
[Source "ChessBase"]
[SourceDate "2018.06.28"]
[SourceVersion "1"]
[SourceVersionDate "2018.06.28"]
[SourceQuality "1"]

1. e4 c5 2. Nf3 d6 3. d4 cxd4 4. Nxd4 Nf6 5. Nc3 Nc6 6. Bg5 e6 7. Qd2 a6 8. 0-0-0 h6 9. Nxc6 bxc6 10. Bf4 d5 11. Qe3 Qa5 12. Be2 Bb4 13. Be5 Be7 14. exd5 cxd5 15. h4 0-0 16. Rh3 Ne8 17. Bxg7 Nxg7 18. Qxh6 f5 19. Rg3 Bf6 20. Bh5 Rb8 21. Bg6 Rf7 22. Rdd3 Qb4 23. Bxf7+ Kxf7 24. Qg6+ Ke7 25. Qh7 Kf7 26. Qg6+ Ke7 27. Qh7 Kf8 28. h5 Qf4+ 29. Kb1 Qxf2 30. a3 Qe1+ 31. Ka2 Qc1 32. b4 Qxc2+ 33. Ka1 Qc1+ 34. Ka2 Qc2+ 35. Ka1 Qb3 36. Qh8+ Kf7 37. Rxg7+ Bxg7 38. Qh7 Qxa3+ 39. Kb1 Rxb4+ 40. Kc2 Rb2+ 41. Kc1 Qa1+ 42. Nb1 Qxb1# 0-1

[Event "Herne UFO op 9th"]
[Site "Herne"]
[Date "2018.05.31"]
[Round "3"]
[White "Wiegersma, Justus"]
[Black "Kummerow, Heiko"]
[Result "0-1"]
[WhiteElo "1931"]
[BlackElo "2209"]
[PlyCount "64"]
[EventDate "2018.05.30"]
[EventType "swiss"]
[EventRounds "7"]
[EventCountry "GER"]
[SourceTitle "CBM 184 Extra"]
[Source "ChessBase"]
[SourceDate "2018.06.28"]
[SourceVersion "1"]
[SourceVersionDate "2018.06.28"]
[SourceQuality "1"]

1. c4 Nf6 2. Nc3 g6 3. d4 Bg7 4. e4 d6 5. Be2 0-0 6. Nf3 e5 7. 0-0 Nc6 8. d5 Ne7 9. Ne1 Nd7 10. Nd3 f5 11. Bd2 Nf6 12. f3 f4 13. c5 g5 14. Rc1 Ng6 15. Nb5 Rf7 16. Ba5 b6 17. cxd6 cxd6 18. Be1 a6 19. Nc3 a5 20. Nb5 Bf8 21. Bf2 g4 22. Rc6 Bb7 23. Bxb6 Qb8 24. Bc7 Rxc7 25. Rxc7 Ba6 26. Qc2 Bxb5 27. Rc1 Nh4 28. fxg4 Bxd3 29. Bxd3 Nxg4 30. Qe2 Qb6+ 31. Kf1 Nxh2+ 32. Ke1 f3 0-1

[Event "Oberliga NRW 1718"]
[Site "Germany"]
[Date "2018.04.08"]
[Round "8.5"]
[White "Dresen, Ulrich"]
[Black "Kummerow, Heiko"]
[Result "1/2-1/2"]
[WhiteElo "2195"]
[BlackElo "2154"]
[PlyCount "98"]
[EventDate "2017.09.17"]
[EventType "team-tourn"]
[EventRounds "9"]
[EventCountry "GER"]
[SourceTitle "EXT 2019"]
[Source "ChessBase"]
[SourceDate "2018.10.10"]
[SourceVersion "1"]
[SourceVersionDate "2018.10.10"]
[SourceQuality "1"]
[WhiteTeam "Gerresheim"]
[BlackTeam "Oberhausen"]
[WhiteTeamCountry "GER"]
[BlackTeamCountry "GER"]

1. d4 Nf6 2. Bg5 Ne4 3. Bf4 c5 4. f3 Qa5+ 5. c3 Nf6 6. d5 g6 7. e4 d6 8. Na3 Nbd7 9. Nc4 Qc7 10. a4 Bg7 11. Nh3 0-0 12. Nf2 Nb6 13. Na3 Bd7 14. Nb5 Bxb5 15. Bxb5 c4 16. a5 Nbd7 17. Qa4 Nc5 18. Qxc4 a6 19. Ba4 b5 20. axb6 Qxb6 21. Ra2 Nxa4 22. Qxa4 Nh5 23. Bd2 f5 24. 0-0 Nf6 25. Re1 fxe4 26. Be3 Qb7 27. fxe4 Rfc8 28. Qc2 Nd7 29. Nd3 Rc4 30. Ra4 Qb5 31. Rea1 Rac8 32. Ra5 Qb8 33. R5a4 Qb5 34. Ra5 Qb8 35. Nf2 Rb4 36. Nd1 Nf6 37. Rxa6 Rxe4 38. Rb6 Qc7 39. Rc6 Qd7 40. Ra7 Qf5 41. Qf2 Qg4 42. Qf3 Rf8 43. h3 Qh4 44. g3 Qh5 45. Qxh5 Nxh5 46. Kg2 Bh6 47. Bxh6 Re2+ 48. Kg1 Re1+ 49. Kg2 Re2+ 1/2-1/2

[Event "Oberliga NRW 1718"]
[Site "Germany"]
[Date "2017.09.17"]
[Round "1.6"]
[White "Kummerow, Heiko"]
[Black "Sabirov, Ramil"]
[Result "1/2-1/2"]
[WhiteElo "2154"]
[BlackElo "2102"]
[PlyCount "33"]
[EventDate "2017.09.17"]
[EventType "team-tourn"]
[EventRounds "9"]
[EventCountry "GER"]
[SourceTitle "EXT 2019"]
[Source "ChessBase"]
[SourceDate "2018.10.10"]
[SourceVersion "1"]
[SourceVersionDate "2018.10.10"]
[SourceQuality "1"]
[WhiteTeam "Oberhausen"]
[BlackTeam "Koeln Porz II"]
[WhiteTeamCountry "GER"]
[BlackTeamCountry "GER"]

1. e4 c5 2. Nf3 e6 3. d4 cxd4 4. Nxd4 Nc6 5. Nc3 Qc7 6. Be3 a6 7. Qf3 Nf6 8. Be2 Bb4 9. 0-0 0-0 10. Rad1 Nxd4 11. Rxd4 Bxc3 12. bxc3 d6 13. e5 dxe5 14. Rc4 Qa5 15. Bg5 e4 16. Qg3 Qf5 17. Bxf6 1/2-1/2

[Event "Oberliga NRW 1617"]
[Site "Germany"]
[Date "2017.02.12"]
[Round "6.5"]
[White "Hemmann, Arnold"]
[Black "Kummerow, Heiko"]
[Result "0-1"]
[WhiteElo "2167"]
[BlackElo "2266"]
[PlyCount "100"]
[EventDate "2016.09.25"]
[EventType "team-tourn"]
[EventRounds "9"]
[EventCountry "GER"]
[SourceTitle "EXT 2020"]
[Source "ChessBase"]
[SourceDate "2019.10.17"]
[SourceVersion "1"]
[SourceVersionDate "2019.10.17"]
[SourceQuality "1"]
[WhiteTeam "Godesberg"]
[BlackTeam "Oberhausen"]
[WhiteTeamCountry "GER"]
[BlackTeamCountry "GER"]

1. e4 e6 2. d4 d5 3. exd5 exd5 4. Bd3 c5 5. Nf3 c4 6. Be2 Nc6 7. b3 cxb3 8. axb3 Bd6 9. 0-0 Nge7 10. c4 0-0 11. Nc3 Bg4 12. c5 Bc7 13. Ne1 Bxe2 14. Nxe2 Nf5 15. Nf3 Re8 16. Qd3 Qd7 17. Ng3 Bxg3 18. hxg3 Re4 19. Bb2 f6 20. Bc3 a6 21. b4 Na7 22. Nd2 Re7 23. Rfe1 Rae8 24. Rxe7 Rxe7 25. g4 Nh6 26. g5 fxg5 27. Nf3 Nf7 28. Bd2 h6 29. Re1 Rxe1+ 30. Bxe1 Qe6 31. Qe3 Qd7 32. Nd2 Nc6 33. Nb3 Nfd8 34. Qd3 Ne6 35. Bd2 Qf7 36. g3 Nc7 37. Nc1 Qf6 38. Ne2 Ne6 39. Bc3 Nc7 40. Qe3 Qf5 41. Kg2 Nb5 42. Bd2 Kh7 43. f3 Qc2 44. Kh3 Qc4 45. f4 Nbxd4 46. Nxd4 Qxd4 47. Qxd4 Nxd4 48. fxg5 Nf3 49. Bc1 Nxg5+ 50. Kg4 Kg6 0-1

[Event "Oberliga NRW 1617"]
[Site "Germany"]
[Date "2016.12.11"]
[Round "4.5"]
[White "Gulbas, Cemil"]
[Black "Kummerow, Heiko"]
[Result "1-0"]
[WhiteElo "2360"]
[BlackElo "2266"]
[PlyCount "71"]
[EventDate "2016.09.25"]
[EventType "team-tourn"]
[EventRounds "9"]
[EventCountry "GER"]
[SourceTitle "EXT 2020"]
[Source "ChessBase"]
[SourceDate "2019.10.17"]
[SourceVersion "1"]
[SourceVersionDate "2019.10.17"]
[SourceQuality "1"]
[WhiteTeam "Aachen Aufwaerts II"]
[BlackTeam "Oberhausen"]
[WhiteTeamCountry "GER"]
[BlackTeamCountry "GER"]

1. d4 Nf6 2. c4 g6 3. Nc3 Bg7 4. e4 d6 5. Be2 0-0 6. Be3 e5 7. d5 a5 8. g4 Na6 9. g5 Ne8 10. h4 f5 11. gxf6 Nxf6 12. h5 gxh5 13. Bxh5 Nc5 14. Bf3 Bd7 15. Qe2 c6 16. Rd1 cxd5 17. Nxd5 Nxd5 18. Rxd5 Bc6 19. Bg4 Bxd5 20. cxd5 Qe8 21. Nf3 Qg6 22. Rh4 Nxe4 23. Bh5 Qf5 24. Bg4 Qg6 25. Bh5 Qf5 26. Bg4 Qf6 27. Qc2 Qg6 28. Bh5 Qf5 29. Qxe4 Qxe4 30. Rxe4 Rac8 31. Kd1 b5 32. Bg4 Rc4 33. Rxc4 bxc4 34. Nd2 Rf6 35. Nxc4 Bh6 36. Be6+ 1-0

[Event "GER-ch 87th"]
[Site "Luebeck"]
[Date "2016.10.24"]
[Round "4"]
[White "Metz, Hartmut"]
[Black "Kummerow, Heiko"]
[Result "1/2-1/2"]
[WhiteElo "2284"]
[BlackElo "2266"]
[PlyCount "40"]
[EventDate "2016.10.21"]
[EventType "swiss"]
[EventRounds "9"]
[EventCountry "GER"]
[SourceTitle "EXT 2018"]
[Source "ChessBase"]
[SourceDate "2017.10.13"]
[SourceVersion "1"]
[SourceVersionDate "2017.10.13"]
[SourceQuality "1"]

1. e4 e6 2. d4 d5 3. e5 c5 4. c3 Nc6 5. Nf3 Bd7 6. Be2 Nge7 7. 0-0 Ng6 8. g3 Be7 9. h4 0-0 10. h5 Nh8 11. h6 g6 12. Bf4 cxd4 13. cxd4 f6 14. exf6 Bxf6 15. Qd2 Nf7 16. Nc3 Ne7 17. Bd3 Nc6 18. Be2 Ne7 19. Bd3 Nc6 20. Be2 Ne7 1/2-1/2